000 00814nas a2200265 4500
001 BR9100639
003 BR-BrBNA
005 20231205091921.0
007 ta
008 230509b bl.|||p| |||| 00| 00por d
040 _aBR-BrBNA
_bpor
_cBiblioteca Nacional de Agricultura
041 _a(Pt)
072 _aF50; F03
100 1 _aReis, M.S.
100 1 _aMartins, P.S.
245 1 _aCaracterizacao morfologica do fruto de especies de Stylosanthes e controle da producao mensal de sementes
_bParte de tese
650 _aSTILOSANTE
650 _aMORFOLOGIA VEGETAL
650 _aFRUTO
650 _aSEMENTE
650 _aPRODUCAO
773 0 _tRevista Ceres (Brazil)
_xISSN 0034-737X
_g(Jul-Aug 1989), v. 36(206) p. 336-347
_wBR9100639
909 _a202311
_bLúcia
_c55
_dLúcia Elande
942 _2AGRIS
_n0
_cANA
999 _c128134
_d128134